|
|
|
|
| LEADER |
00000nam0a2200000 4500 |
| 001 |
124891 |
| 005 |
20231031131140.0 |
| 010 |
|
|
|a 9785903182138
|
| 035 |
|
|
|a (RuTPU)RU\TPU\book\135162
|
| 090 |
|
|
|a 124891
|
| 100 |
|
|
|a 20071108d2007 km y0rusy50 ca
|
| 101 |
0 |
|
|a rus
|
| 102 |
|
|
|a RU
|
| 105 |
|
|
|a a jz 001zy
|
| 200 |
1 |
|
|a Эффективное общение: правила игры
|e практическое руководство
|f В. Н. Панкратов
|
| 210 |
|
|
|a Москва
|c Психотерапия
|d 2007
|
| 215 |
|
|
|a 256 с.
|c ил.
|
| 225 |
1 |
|
|a Психология успеха
|
| 320 |
|
|
|a Литература: с. 235-237.
|
| 330 |
|
|
|a В настоящем практическом руководстве описаны технологии и раскрыт механизм эффективного делового общения: — выявлена сущность убеждения и внушения как важнейших видов воздействия на людей; — охарактеризованы конкретные коммуникативные приемы и средства эффективного взаимодействия с людьми: эффект первого впечатления, профессиональное слушание, искусство комплимента, конструктивная критика; раскрыта сущность проницательности; — дана характеристика психографологическим, физиогномическим и психогеометрическим особенностям поведения человека; — проанализирована технология использования уловок-манипуляций в общении, даны рекомендации по защите от манипулятивного воздействия; рассмотрены приемы, стимулирующие общение; — даны рекомендации по технике аргументации; — даны конкретные советы-рекомендации по совершенствованию эффективности делового общения. Для руководителей и персонала фирм, менеджеров различных специализаций, имиджмейкеров, психологов, а также для всех тех, кто хочет усовершенствовать свои коммуникативные способности, позволяющие более эффективно общаться с людьми.
|
| 610 |
1 |
|
|a психология
|
| 610 |
1 |
|
|a социальная психология
|
| 610 |
1 |
|
|a общение
|
| 610 |
1 |
|
|a деловое общение
|
| 610 |
1 |
|
|a убеждение
|
| 610 |
1 |
|
|a внушение
|
| 610 |
1 |
|
|a профессиональное слушание
|
| 610 |
1 |
|
|a конфликтогены
|
| 610 |
1 |
|
|a конструктивная критика
|
| 610 |
1 |
|
|a проницательность
|
| 610 |
1 |
|
|a личность
|
| 610 |
1 |
|
|a физиогномические особенности
|
| 610 |
1 |
|
|a поведение
|
| 610 |
1 |
|
|a манипуляции
|
| 610 |
1 |
|
|a нейтрализация
|
| 610 |
1 |
|
|a эффективность
|
| 610 |
1 |
|
|a психологические тесты
|
| 610 |
1 |
|
|a практические пособия
|
| 686 |
|
|
|a Ю953я73
|v LBC/SL-A
|2 rubbk
|
| 700 |
|
1 |
|a Панкратов
|b В. Н.
|g Вячеслав Николаевич
|
| 801 |
|
1 |
|a RU
|b 63413507
|c 20071108
|g PSBO
|
| 801 |
|
2 |
|a RU
|b 63413507
|c 20150618
|g PSBO
|
| 942 |
|
|
|c BK
|
| 959 |
|
|
|a 78/20071106
|d 2
|e 208,67
|f ЧЗГЛ:1
|f АНЛ:1
|